000 00452cam a22001934a 4500
005 20250605164245.0
008 250528s ||||||||||||||||||||||||d
035 _a21471
020 _a97801230812551
040 _aGR-AtMCL
_bgre
_dGR-AtMCL
_eAACR2
245 1 _aCONSUMER BEHAVIOR
250 _a4
260 _bPrentice Hall,
_c1999
300 _a586
700 1 _aSolomon Michael R
_91728
942 _cBK
999 _c6533
_d6533